00393nam a2200109Ia 4500008004100000020002200041041001200063100003500075245003300110260004100143650009900184231221s9999 xx 000 0 und d a978-1-4020-9438-5 aEnglish aHeinz Ulbrich, Lucas Ginzinger 0aMotion and Vibration Control c2009bSpringer NetherlandsaNew York aVibration, Dynamical Systems, Control; Control, Robotics, Mechatronics; Mechanical Engineering